<?xml version="1.0" encoding="UTF-8"?><record xmlns="http://www.loc.gov/MARC21/slim" xmlns:zs="http://docs.oasis-open.org/ns/search-ws/sruResponse">
  <leader>03234cidaa22006017i 4500</leader>
  <controlfield tag="001">22803867</controlfield>
  <controlfield tag="005">20250607115449.2</controlfield>
  <controlfield tag="008">220926s2020    vtunnn  o      t    eng  </controlfield>
  <datafield ind1=" " ind2=" " tag="035">
    <subfield code="a">22803867</subfield>
  </datafield>
  <datafield ind1=" " ind2=" " tag="906">
    <subfield code="a">0</subfield>
    <subfield code="b">ibc</subfield>
    <subfield code="c">orignew</subfield>
    <subfield code="d">u</subfield>
    <subfield code="e">ncip</subfield>
    <subfield code="f">20</subfield>
    <subfield code="g">y-folklife</subfield>
  </datafield>
  <datafield ind1=" " ind2=" " tag="955">
    <subfield code="a">masmit 2022-09-26</subfield>
    <subfield code="a">masmit 2022-11-03</subfield>
  </datafield>
  <datafield ind1=" " ind2=" " tag="010">
    <subfield code="a">  2022655214</subfield>
  </datafield>
  <datafield ind1=" " ind2=" " tag="040">
    <subfield code="a">DLC</subfield>
    <subfield code="b">eng</subfield>
    <subfield code="e">dacs</subfield>
    <subfield code="c">DLC</subfield>
  </datafield>
  <datafield ind1=" " ind2=" " tag="043">
    <subfield code="a">n-us-vt</subfield>
  </datafield>
  <datafield ind1=" " ind2=" " tag="090">
    <subfield code="a">AFC 2020/014: 003</subfield>
  </datafield>
  <datafield ind1="1" ind2=" " tag="100">
    <subfield code="a">Brakeley, Megan,</subfield>
    <subfield code="e">interviewee.</subfield>
  </datafield>
  <datafield ind1="1" ind2="0" tag="245">
    <subfield code="a">Megan Brakeley interview conducted by Katelyn Reuther, 2020-12-17.</subfield>
  </datafield>
  <datafield ind1=" " ind2="0" tag="264">
    <subfield code="c">2020-12-17.</subfield>
  </datafield>
  <datafield ind1=" " ind2=" " tag="300">
    <subfield code="a">1 sound recording (02:06:18) :</subfield>
    <subfield code="b">digital, wav</subfield>
  </datafield>
  <datafield ind1=" " ind2=" " tag="300">
    <subfield code="a">1 manuscript :</subfield>
    <subfield code="b">digital, pdf</subfield>
  </datafield>
  <datafield ind1=" " ind2=" " tag="300">
    <subfield code="a">3 photographs :</subfield>
    <subfield code="b">digital, jpg</subfield>
  </datafield>
  <datafield ind1=" " ind2=" " tag="336">
    <subfield code="a">spoken word</subfield>
    <subfield code="b">spw</subfield>
    <subfield code="2">rdacontent</subfield>
  </datafield>
  <datafield ind1=" " ind2=" " tag="337">
    <subfield code="a">computer</subfield>
    <subfield code="b">c</subfield>
    <subfield code="2">rdamedia</subfield>
  </datafield>
  <datafield ind1=" " ind2=" " tag="337">
    <subfield code="a">audio</subfield>
    <subfield code="b">s</subfield>
    <subfield code="2">rdamedia</subfield>
  </datafield>
  <datafield ind1=" " ind2=" " tag="338">
    <subfield code="a">online resource</subfield>
    <subfield code="b">cr</subfield>
    <subfield code="2">rdacarrier</subfield>
  </datafield>
  <datafield ind1=" " ind2=" " tag="500">
    <subfield code="a">Interview conducted remotely from Chittenden, Vermont.</subfield>
  </datafield>
  <datafield ind1="0" ind2=" " tag="506">
    <subfield code="a">Collection is open for research. To request materials, please contact the Folklife Reading Room at</subfield>
    <subfield code="u">https://hdl.loc.gov/loc.afc/folklife.contact</subfield>
  </datafield>
  <datafield ind1=" " ind2=" " tag="518">
    <subfield code="a">Recorded remotely, Middlebury, Vermont, December 17, 2020.</subfield>
  </datafield>
  <datafield ind1=" " ind2=" " tag="520">
    <subfield code="a">Megan Brakeley is the Food and Garden Educator at Middlebury College in Middlebury, Vermont. She describes the path she took to become the Food and Garden Educator at Middlebury College, her love of the outdoors, her experiences as a transracial, transnational Korean adoptee, and the work she is doing to create an inclusive space at the College's educational farm-garden.</subfield>
  </datafield>
  <datafield ind1="8" ind2=" " tag="524">
    <subfield code="a">Finding Roots: Asian American Farmers in Contemporary America: Occupational Folklife Project, 2020-2021 (AFC 2020/014), American Folklife Center, Library of Congress, Washington, D.C.</subfield>
  </datafield>
  <datafield ind1=" " ind2=" " tag="540">
    <subfield code="a">Duplication of collection materials may be governed by copyright and other restrictions.</subfield>
  </datafield>
  <datafield ind1="1" ind2="0" tag="600">
    <subfield code="a">Brakeley, Megan</subfield>
    <subfield code="v">Interviews.</subfield>
  </datafield>
  <datafield ind1=" " ind2="0" tag="650">
    <subfield code="a">Korean Americans</subfield>
    <subfield code="v">Interviews.</subfield>
  </datafield>
  <datafield ind1=" " ind2="0" tag="650">
    <subfield code="a">Women farmers</subfield>
    <subfield code="z">United States</subfield>
    <subfield code="v">Interviews.</subfield>
  </datafield>
  <datafield ind1=" " ind2="0" tag="650">
    <subfield code="a">School farms</subfield>
    <subfield code="z">Vermont.</subfield>
  </datafield>
  <datafield ind1=" " ind2="0" tag="650">
    <subfield code="a">Agricultural education.</subfield>
  </datafield>
  <datafield ind1=" " ind2="0" tag="650">
    <subfield code="a">Mentoring in science.</subfield>
  </datafield>
  <datafield ind1=" " ind2="0" tag="650">
    <subfield code="a">Adoptees</subfield>
    <subfield code="x">Identification.</subfield>
  </datafield>
  <datafield ind1=" " ind2="7" tag="655">
    <subfield code="a">Digital photographs</subfield>
    <subfield code="x">Color</subfield>
    <subfield code="y">2010-2020.</subfield>
    <subfield code="2">gmgpc</subfield>
  </datafield>
  <datafield ind1=" " ind2="7" tag="655">
    <subfield code="a">Sound recordings.</subfield>
    <subfield code="2">lcgft</subfield>
  </datafield>
  <datafield ind1=" " ind2="7" tag="655">
    <subfield code="a">Personal narratives.</subfield>
    <subfield code="2">lcgft</subfield>
  </datafield>
  <datafield ind1=" " ind2="7" tag="655">
    <subfield code="a">Oral histories.</subfield>
    <subfield code="2">lcgft</subfield>
  </datafield>
  <datafield ind1=" " ind2="7" tag="655">
    <subfield code="a">Interviews.</subfield>
    <subfield code="2">lcgft</subfield>
  </datafield>
  <datafield ind1="1" ind2=" " tag="700">
    <subfield code="a">Reuther, Katie</subfield>
    <subfield code="q">(Katelyn),</subfield>
    <subfield code="e">interviewer.</subfield>
  </datafield>
  <datafield ind1="2" ind2=" " tag="710">
    <subfield code="a">Occupational Folklife Project,</subfield>
    <subfield code="e">sponsor.</subfield>
  </datafield>
  <datafield ind1=" " ind2=" " tag="751">
    <subfield code="a">Middlebury (Vt.),</subfield>
    <subfield code="e">event place.</subfield>
  </datafield>
  <datafield ind1="0" ind2=" " tag="773">
    <subfield code="t">Finding Roots : Asian American Farmers in Contemporary America: Occupational Folklife Project, 2020-2021</subfield>
    <subfield code="g">AFC 2020/014</subfield>
    <subfield code="w">(DLC) 2021655315</subfield>
  </datafield>
  <datafield ind1=" " ind2=" " tag="852">
    <subfield code="a">Library of Congress</subfield>
    <subfield code="b">American Folklife Center,</subfield>
    <subfield code="e">101 Independence Ave. S.E., Washington, DC USA 20540-4610</subfield>
    <subfield code="u">https://hdl.loc.gov/loc.afc/folklife.home</subfield>
  </datafield>
  <datafield ind1="4" ind2="0" tag="856">
    <subfield code="3">Interview with Megan Brakeley.</subfield>
    <subfield code="d">afc2020014</subfield>
    <subfield code="f">afc2020014_003_sr01</subfield>
    <subfield code="u">https://hdl.loc.gov/loc.afc/afc2020014.afc2020014_003_sr01</subfield>
  </datafield>
  <datafield ind1="4" ind2="0" tag="856">
    <subfield code="3">Images associated with interview.</subfield>
    <subfield code="f">afc2020014_003_ph</subfield>
    <subfield code="d">afc2020014</subfield>
  </datafield>
  <datafield ind1="4" ind2="0" tag="856">
    <subfield code="3">Log for Megan Brakeley interview.</subfield>
    <subfield code="f">afc2020014_003_ms01</subfield>
    <subfield code="d">afc2020014</subfield>
  </datafield>
  <datafield ind1=" " ind2=" " tag="985">
    <subfield code="a">afc/ofp</subfield>
  </datafield>
  <datafield ind1=" " ind2=" " tag="985">
    <subfield code="a">afc/ofp/2020014</subfield>
  </datafield>
</record>
